Central Library OPAC University of Rajshahi

Robert Musil : (Record no. 23049)

MARC details
000 -LEADER
fixed length control field 00807nam a2200253 4500
001 - CONTROL NUMBER
control field 23049
003 - CONTROL NUMBER IDENTIFIER
rucl marc code BD-RjUL
005 - DATE AND TIME OF LATEST TRANSACTION
control field 20211209000903.0
008 - FIXED-LENGTH DATA ELEMENTS--GENERAL INFORMATION
fixed length control field 140310s1961 nyuc b 001 1 eng
035 ## - SYSTEM CONTROL NUMBER
System control number (BD-RjUL)23114
040 ## - CATALOGING SOURCE
Original cataloging agency DLC
Transcribing agency DLC
Modifying agency DLC
-- BD-RjUL
Language of cataloging eng
041 ## - LANGUAGE CODE
Language code of text/sound track or separate title eng
082 00 - DEWEY DECIMAL CLASSIFICATION NUMBER
Classification number 833.912
Author mark and year PIR 1961
100 1# - MAIN ENTRY--PERSONAL NAME
Personal name Pike, Burton.
9 (RLIN) 71084
245 00 - TITLE STATEMENT
Title Robert Musil :
Remainder of title an introduction to his work /
Statement of responsibility, etc. Burton Pike
260 ## - PUBLICATION, DISTRIBUTION, ETC. (IMPRINT)
Place of publication, distribution, etc. Port Washington, N.Y. :
Name of publisher, distributor, etc. Kennikat Press,
Date of publication, distribution, etc. c1961.
300 ## - PHYSICAL DESCRIPTION
Pagination xiii, 214 p. :
Illustrations ill., port. ;
Size 23 cm.
500 ## - GENERAL NOTE
General note "Substance of this book ... a doctoral dissertation ... at Harvard."
504 ## - BIBLIOGRAPHY, ETC. NOTE
Bibliography, etc Bibliography: p. 207-211. and index.
600 10 - SUBJECT ADDED ENTRY--PERSONAL NAME
Personal name Musil, Robert,
Dates associated with a name 1880-1942.
942 ## - ADDED ENTRY ELEMENTS (KOHA)
Source of classification or shelving scheme Dewey Decimal Classification
Koha item type Books
Holdings
Lost status Source of classification or shelving scheme Damaged status Not for loan Collection code Permanent Location Current Location Shelving location Date acquired Source of acquisition Cost, normal purchase price Total Checkouts Full call number Date last seen Copy number Koha item type
  Dewey Decimal Classification   Added to bundle Fiction Central Library, University of Rajshahi Central Library, University of Rajshahi Reading Room 14/10/1965 Blackwell 32.00   833.912 PIR 1961 10/03/2014 C-1 Books